| 000 | 00514nam a2200169 a 4500 | ||
|---|---|---|---|
| 001 | 000039826 | ||
| 005 | 20201002033745.0 | ||
| 008 | 130724s2012 dr 000 0 spa d | ||
| 020 | _a9789945455540 | ||
| 040 |
_aDO-SdBNP _bspa _cBNPHU |
||
| 100 | 1 |
_aMarzán Ramos, Jaime L. _966018 |
|
| 245 | 1 | 0 |
_aMercedes / _cJaime L. Marzán Ramos. |
| 250 | _a2a ed. | ||
| 260 |
_aSanto Domingo : _bIsla Negra, _c2012. |
||
| 300 |
_a290 p. ; _c22 cm. |
||
| 500 | _aIncluye datos biográficos del autor en la solapa de la cubierta | ||
| 999 |
_c39316 _d39316 |
||